Statistics for Russian cities and towns to regions

Click here to take the quiz!

General Stats

  • This quiz has been taken 40 times
  • The average score is 4 of 10

Answer Stats

QuestionAnswer% Correct
Rostov OblastAzov
71%
Volgograd OblastMikhaylovka
69%
Leningrad OblastTikhvin
63%
Amur OblastBelogorsk
40%
Primorskiy KraiArtyom
37%
Altai KraiRubtsovsk
34%
Republic of TatarstanLeninogorsk
26%
Kabardino-Balkarian RepublicProkhladny
26%
Ivanovo OblastShuya
26%
Murmansk OblastKovdor
20%

Score Distribution

Percentile by Number Answered

Percent of People with Each Score

Your Score History

You have not taken this quiz